000 00336pab a2200145 454500
008 180718b1989 xxu||||| |||| 00| 0 eng d
100 _aChowdhry, Kamla
245 _aSocial forestry
_bRoots of failure
260 _c1989
300 _a15-17,34
362 _a1 Jul.
650 _aForests - India
773 _aMainstream
909 _a9028
999 _c9028
_d9028